Ville fictive ou réelle ? (mort subite) - Statistiques

Statistiques générales
  • Ce quiz a été pris 192 fois
    17 depuis la dernière actualisation
  • Le résultat moyen est 2 sur 6
Answers on the Grid
Answers color-coded by a green-red scale on the quiz's grid according to % correct below.
Tataouine
Mascara
Perpète-les-Olivettes
knokke le zoute
Duluth
Pamparigouste
Tombouctou
Triffouilly-les-Oies
Walnut grove
Pétaouchnok
 
Statistiques - réponses
Réponse % Correct
Tataouine
69%
Tombouctou
69%
knokke le zoute
31%
Walnut grove
23%
Mascara
15%
Duluth
8%
Aucun quiz correspondant
Distribution des résultats
% des personnes avec chaque résultat
Percentile par nombre de réponses
Votre historique - résultats
Vous n’avez pas pris ce quiz depuis la dernière actualisation